Normal view
MARC view
- Zhang, Zhihua,
Entry Personal Name
001 - CONTROL NUMBER
- control field: 97142
003 - CONTROL NUMBER IDENTIFIER
- control field: NUST
005 - DATE AND TIME OF LATEST TRANSACTION
- control field: 20220815111646.0
008 - FIXED-LENGTH DATA ELEMENTS
- fixed length control field: 220815|| aca||aabn | a|a d
040 ## - CATALOGING SOURCE
- Original cataloging agency: NUST
- Transcribing agency: NUST
100 ## - HEADING--PERSONAL NAME
- Personal name: Zhang, Zhihua,
- Dates associated with a name: 1979-
670 ## - SOURCE DATA FOUND
- Source citation: Work cat.: (NUST)0: Zhang, Zhihua, 1979- author., Big data mining for climate change /
